LEADERSHIP IN ORGANIZATIONS (Registro nro. 54453)
[ vista simple ]
| 000 -LEADER | |
|---|---|
| fixed length control field | 00734nam a2200193 a 4500 |
| 001 - CONTROL NUMBER | |
| control field | 54453 |
| 005 - DATE AND TIME OF LATEST TRANSACTION | |
| control field | 20180714045300.0 |
| 008 - FIXED-LENGTH DATA ELEMENTS--GENERAL INFORMATION | |
| fixed length control field | 140415s2010 000 0 eng d |
| 020 ## - INTERNATIONAL STANDARD BOOK NUMBER | |
| International Standard Book Number | 0132424312 |
| 041 ## - LANGUAGE CODE | |
| Language code of text/sound track or separate title | eng |
| 082 ## - DEWEY DECIMAL CLASSIFICATION NUMBER | |
| Classification number | 303.34 |
| Item number | YUK |
| 100 1# - MAIN ENTRY--PERSONAL NAME | |
| Personal name | YUKL, GARY |
| 245 10 - TITLE STATEMENT | |
| Title | LEADERSHIP IN ORGANIZATIONS |
| 250 ## - EDITION STATEMENT | |
| Edition statement | 7ed. |
| 260 ## - PUBLICATION, DISTRIBUTION, ETC. | |
| Place of publication, distribution, etc. | [s.l.] : |
| Name of publisher, distributor, etc. | PEARSON EDUCATION, |
| Date of publication, distribution, etc. | 2010 |
| 300 ## - PHYSICAL DESCRIPTION | |
| Extent | 628 |
| Dimensions | 18.5 x 2.6 x 24 |
| 520 ## - SUMMARY, ETC. | |
| Summary, etc. | THIS BOOK FOCUSES ON EFFECTIVE LEADERSHIP IN ORGANIZATION THROUGH BOTH THEORY AND PRACTICE. EXPLAINS AND CRITIQUES THE MAJOR THEORIES AND STUDIES THE ARE MOST RELEVANT AND INFORMATIVE AND REVIEWSWHAT WE KNOW ABOUT LEADERSHIPS EFFECTIVENESS. |
| 650 14 - SUBJECT ADDED ENTRY--TOPICAL TERM | |
| Topical term or geographic name entry element | LIDERAZGO |
| General subdivision | TOMA DE DESICIONES |
| Withdrawn status | Lost status | Source of classification or shelving scheme | Damaged status | Not for loan | Collection code | Home library | Current library | Shelving location | Date acquired | Source of acquisition | Inventory number | Total Checkouts | Full call number | Barcode | Date last seen | Date last checked out | Price effective from | Koha item type | Total Renewals |
|---|---|---|---|---|---|---|---|---|---|---|---|---|---|---|---|---|---|---|---|
| Dewey Decimal Classification | General | Biblioteca Karol Wojtyla | Biblioteca Karol Wojtyla | Sala general | 03/12/2013 | Compra | 151000000000000000054341 | 1 | 303.34 YUK | 81513 | 05/01/2026 | 07/06/2025 | 03/12/2013 | Libro | |||||
| Dewey Decimal Classification | General | Biblioteca Karol Wojtyla | Biblioteca Karol Wojtyla | Sala general | 03/12/2013 | Compra | 151000000000000000054339 | 2 | 303.34 YUK | 81512 | 05/01/2026 | 04/11/2021 | 03/12/2013 | Libro | 1 | ||||
| Dewey Decimal Classification | General | Biblioteca Karol Wojtyla | Biblioteca Karol Wojtyla | Sala general | 03/12/2013 | Compra | 151000000000000000054340 | 303.34 YUK | 81511 | 05/01/2026 | 30/03/2017 | 03/12/2013 | Libro |